LEADER 00836nam0-22002891i-450- 001 990006444770403321 005 20001010 035 $a000644477 035 $aFED01000644477 035 $a(Aleph)000644477FED01 035 $a000644477 100 $a20001010d--------km-y0itay50------ba 101 0 $aita 105 $ay-------001yy 200 1 $a<>attivita riformatrice della rivoluzione napoletana$fGiuseppe Campolattano 210 $aMaddaloni$cs.e.$d1982 (Arti grafiche Proto) 215 $a109 p.$d22 cm 676 $a945.7308 700 1$aCampolattano,$bGiuseppe$0408508 801 0$aIT$bUNINA$gRICA$2UNIMARC 901 $aBK 912 $a990006444770403321 952 $aXIV A 418$b2733$fFSPBC 959 $aFSPBC 996 $aAttivita riformatrice della rivoluzione napoletana$9650481 997 $aUNINA DB $aGEN01 LEADER 01148nam a22002891i 4500 001 991001028809707536 005 20021113152057.0 008 021113s1977 it a||||||||||||||||eng 035 $ab12089746-39ule_inst 035 $aARCHE-017954$9ExL 040 $aDip.to Filologia Ling. e Lett.$bita$cA.t.i. Arché s.c.r.l. Pandora Sicilia s.r.l. 082 04$a827.5 100 1 $aSwift, Jonathan$0154535 245 14$aUna modesta proposta e altre satire /$cJonathan Swift ; introduzione di Attilio Brilli ; traduzioni di Bruno Armellin, Franco Marucci, Salvatore Rosati 260 $aMilano :$bBiblioteca universale Rizzoli,$c1977 300 $a157 p. :$bill. ;$c18 cm 490 0 $aBUR.$pL 500 $aTesto inglese a fronte 700 1 $aMarucci, Franco 700 1 $aRosati, Salvatore 700 1 $aArmallin, Bruno 907 $a.b12089746$b28-04-17$c01-04-03 912 $a991001028809707536 945 $aLE008 FL.M. (IN) L 87$g1$i2008000178659$lle008$o-$pE0.00$q-$rl$s- $t0$u0$v0$w0$x0$y.i1239029x$z01-04-03 996 $aModesta proposta e altre satire$9141129 997 $aUNISALENTO 998 $ale008$b01-04-03$cm$da $e-$feng$git $h4$i1